00603nam a2200169 i 450000100060000000300090000600500170001500700030003200800410003510000260007624500440010226000760014630000410022285200320026399900170029595201210031278468ES-MaACL20230906173719.0t|041014s1939 gw ||||1| ger d1 aHahnn, Konrad.96148010aDeutsche Bauernmöbel / cKonrad Hahm. aJena : bEugen Diederichs, c[1939] (eLeipzig : fErnst Hedrich Nachf) a33 p., 131 lám. : bil. ; c28 cm. aES-MaACLjF-15583 bR.19083 c78468d78468 00104070aATENEOMbATENEOMcSPP2d2008-01-17eSCl0oF-15583p1082076r2023-02-23 00:00:00w2023-02-23yMONOGRAFIA